000
00291nam a22001337a 4500
008
170306b xxu||||| |||| 00| 0 eng d
020
_a
9780321768278
041
_a
eng
080
_a
611
100
_a
6
101
_a
shm
245
_a
VISUAL ANATOMY & PHYSIOLOGY
_c
MARTINI
942
_2
udc
_c
BK
999
_c
6916
_d
6916